Elenca la formazione - Quiz n°190 - Statistics

Statistiche generali
  • Questo quiz è stato fatto 55 volte
  • Il punteggio medio è 8 su 11
Statistiche sulle risposte
Ruolo Nazione Calciatore % Corretto
Attaccante Argentina Gonzalo Higuaín
98%
Portiere Spagna José Manuel Reina
98%
Ala Italia Lorenzo Insigne
95%
Ala Spagna José María Callejón
93%
Trequartista Slovacchia Marek Hamšík
93%
Centrocampista Brasile / Italia Jorginho
89%
Difensore Spagna Raúl Albiol
86%
Difensore Algeria Faouzi Ghoulam
82%
Centrocampista Svizzera Gökhan Inler
73%
Difensore Argentina Federico Fernández
20%
Difensore Brasile Henrique
18%
Nessun quiz corrispondente trovato
Distribuzione punteggi
Percentuale di utenti per punteggio
Percentile per numero di risposta
I tuoi punteggi nel tempo
Non hai fatto questo quiz